Turning oil palm residues into products.

Bibliographic Details
Corporate Author: Institut Penyelidikan Perhutanan Malaysia
Other Authors: Wan Asma Ibrahim, Wan Rashidah Kadir, Mohd Nor Mohd Yusoff
Format: Book
Published: Selangor: Forest Research Institute Malaysia, 2007.
Subjects:
LEADER 00655cam a2200205 7i4500
001 0000022928
005 20090618090000.0
020 0 0 |a 978-983-2181-90-3  
090 0 0 |a M 633.851   |b INS 
110 2 0 |a Institut Penyelidikan Perhutanan Malaysia 
245 2 0 |a Turning oil palm residues into products. 
260 0 0 |a Selangor:   |b Forest Research Institute Malaysia,   |c 2007. 
300 # # |a 130 p. 
650 0 0 |a Palm oil industry --   |z Malaysia  
650 0 0 |a Palm products --   |z Malaysia  
651 0 0 |a Malaysia  
700 1 1 |a Wan Asma Ibrahim  
700 1 1 |a Wan Rashidah Kadir  
700 1 1 |a Mohd Nor Mohd Yusoff  
999 |a B000022803  |b Book  |c Malaysia  |e Business Information Centre